Central Library OPAC University of Rajshahi

Global peace and security : (Record no. 41971)

MARC details
000 -LEADER
fixed length control field 00866nam a2200277 a 4500
001 - CONTROL NUMBER
control field 41971
003 - CONTROL NUMBER IDENTIFIER
rucl marc code BD-RjUL
005 - DATE AND TIME OF LATEST TRANSACTION
control field 20211209053457.0
008 - FIXED-LENGTH DATA ELEMENTS--GENERAL INFORMATION
fixed length control field 861125s1987 cou b 00000 eng
020 ## - INTERNATIONAL STANDARD BOOK NUMBER
International Standard Book Number 0813372895
035 ## - SYSTEM CONTROL NUMBER
System control number (BD-RjUL)42089
System control number 2419617
040 ## - CATALOGING SOURCE
Original cataloging agency ANL
Language of cataloging eng
Modifying agency ANL
-- BD-RjUL
Transcribing agency BD-RjUL
041 ## - LANGUAGE CODE
Language code of text/sound track or separate title eng
082 0# - DEWEY DECIMAL CLASSIFICATION NUMBER
Classification number 327.09048
Edition number 23
Author mark and year GLO 1987
245 00 - TITLE STATEMENT
Title Global peace and security :
Remainder of title trends and challenges /
Statement of responsibility, etc. edited by Wolfram F. Hanrieder.
260 ## - PUBLICATION, DISTRIBUTION, ETC. (IMPRINT)
Place of publication, distribution, etc. Boulder :
Name of publisher, distributor, etc. Westview Press,
Date of publication, distribution, etc. 1987.
300 ## - PHYSICAL DESCRIPTION
Pagination x, 223 p. ;
Size 24 cm.
504 ## - BIBLIOGRAPHY, ETC. NOTE
Bibliography, etc Includes bibliographical references.
650 #0 - SUBJECT ADDED ENTRY--TOPICAL TERM
Topical term or geographic name as entry element Peace.
9 (RLIN) 124213
Topical term or geographic name as entry element Security, International.
9 (RLIN) 129003
Topical term or geographic name as entry element International organization.
9 (RLIN) 119090
Topical term or geographic name as entry element International economic relations.
9 (RLIN) 128839
700 1# - ADDED ENTRY--PERSONAL NAME
Personal name Hanrieder, Wolfram F.
942 ## - ADDED ENTRY ELEMENTS (KOHA)
Source of classification or shelving scheme Dewey Decimal Classification
Koha item type Books
Holdings
Lost status Source of classification or shelving scheme Damaged status Not for loan Collection code Permanent Location Current Location Shelving location Date acquired Source of acquisition Total Checkouts Full call number Date last seen Date checked out Copy number Koha item type
  Dewey Decimal Classification     Non-fiction Central Library, University of Rajshahi Central Library, University of Rajshahi   24/08/1991 Arydoton 1 327.09048 GLO 1987 01/06/2023 03/04/2023 C-2 Books
  Dewey Decimal Classification     Non-fiction Central Library, University of Rajshahi Central Library, University of Rajshahi   22/05/1989 Arydoton   327.09048 GLO 1987 15/12/2016   C-3 Books